Pakistan's Nuclear Dilemma (Record no. 16226)
[ view plain ]
| 000 -LEADER | |
|---|---|
| fixed length control field | 00691nam a22001817a 4500 |
| 003 - CONTROL NUMBER IDENTIFIER | |
| control field | OSt |
| 005 - DATE AND TIME OF LATEST TRANSACTION | |
| control field | 20170105102935.0 |
| 040 ## - CATALOGING SOURCE | |
| Original cataloging agency | 0 |
| 082 ## - DEWEY DECIMAL CLASSIFICATION NUMBER | |
| Classification number | 327.174 |
| Author Mark | ALI 1984 |
| 100 ## - MAIN ENTRY--PERSONAL NAME | |
| Personal name | Ali, Akhtar |
| 245 ## - TITLE STATEMENT | |
| Title | Pakistan's Nuclear Dilemma |
| Remainder of title | Energy and Security Dimensions |
| Statement of responsibility, etc. | Akhtar Ali |
| 260 ## - PUBLICATION, DISTRIBUTION, ETC. | |
| Place of publication, distribution, etc. | Pakistan |
| Name of publisher, distributor, etc. | Economist Research Unit Pakistan |
| Date of publication, distribution, etc. | 1984 |
| 300 ## - PHYSICAL DESCRIPTION | |
| Extent | 218 p |
| 650 ## - SUBJECT ADDED ENTRY--TOPICAL TERM | |
| Topical term or geographic name entry element | Political Base of Bomb making in India, India’s Nuclear and Space Profile, Pakistan’s Nuclear Response |
| 650 ## - SUBJECT ADDED ENTRY--TOPICAL TERM | |
| Topical term or geographic name entry element | Islamic Vs Israeli Bomb: Myths and Relation, Nuclear Fuel Cycle Technologies: Status and Prospects |
| 650 ## - SUBJECT ADDED ENTRY--TOPICAL TERM | |
| Topical term or geographic name entry element | Non Proliferation Issues and Pakistan’s Political Options |
| 942 ## - ADDED ENTRY ELEMENTS (KOHA) | |
| Source of classification or shelving scheme | |
| Koha item type | Book |
| Withdrawn status | Lost status | Damaged status | Not for loan | Collection code | Permanent Location | Current Location | Shelving location | Date acquired | Total Checkouts | Full call number | Barcode | Date last seen | Price effective from | Koha item type |
|---|---|---|---|---|---|---|---|---|---|---|---|---|---|---|
| Centre for International Peace & Stability (CIPS) | Centre for International Peace & Stability (CIPS) | General Stacks | 09/17/2015 | 327.174 ALI 1984 | CIPS0002668 | 09/17/2015 | 09/17/2015 | Book |
